Power system analysis (Record no. 1347)

000 -LEADER
fixed length control field 00590nam a2200229 a 4500
001 - CONTROL NUMBER
control field 1347
003 - CONTROL NUMBER IDENTIFIER
control field BD-DhUET
008 - FIXED-LENGTH DATA ELEMENTS--GENERAL INFORMATION
fixed length control field 931008s1994 nyua 001 0 eng
020 ## - INTERNATIONAL STANDARD BOOK NUMBER
International Standard Book Number 0070585156
020 ## - INTERNATIONAL STANDARD BOOK NUMBER
International Standard Book Number 0071133380
040 ## - CATALOGING SOURCE
Original cataloging agency DLC
Transcribing agency DLC
Modifying agency BD-DhUET
082 00 - DEWEY DECIMAL CLASSIFICATION NUMBER
Classification number 623.19
Item number GRA/1994
100 1# - MAIN ENTRY--PERSONAL NAME
Personal name Grainger, John J.
245 10 - TITLE STATEMENT
Title Power system analysis
250 ## - EDITION STATEMENT
Edition statement 1st ed.
260 ## - PUBLICATION, DISTRIBUTION, ETC. (IMPRINT)
Place of publication, distribution, etc. New York
Name of publisher, distributor, etc. McGraw-Hill
Date of publication, distribution, etc. 1994
300 ## - PHYSICAL DESCRIPTION
Extent xix, 787 p.
Other physical details ill.
504 ## - BIBLIOGRAPHY, ETC. NOTE
Bibliography, etc Includes bibliographies
650 #0 - SUBJECT ADDED ENTRY--TOPICAL TERM
Topical term or geographic name as entry element Electric power systems-Management
700 1# - ADDED ENTRY--PERSONAL NAME
Personal name Stevenson, William D.
942 ## - ADDED ENTRY ELEMENTS (KOHA)
Koha item type General Book
Holdings
Not for loan Koha out on loan Koha date last borrowed Source of classification or shelving scheme Koha date last seen Koha normalized classification for sorting Sublocation or collection (holding branch) Date acquired Lost status Koha renewals Koha item type Koha full call number Piece designation (barcode) Price effective from Koha issues (times borrowed) Damaged status Copy number Withdrawn status Shelving location Location (home branch)
  2024-03-04 2024-06-01623_000000000000000_19GRA1994Central Library, BUET2014-09-03  General Book623.19/GRA/19941039602014-09-035 1 Circulation sectionCentral Library, BUET
  2019-05-06 2020-01-14623_000000000000000_19GRA1994Central Library, BUET2014-09-03  General Book623.19/GRA/19941039612014-09-031 2 Circulation sectionCentral Library, BUET
  2025-07-13 2025-11-03623_000000000000000_19GRA1994Central Library, BUET2014-09-03 1General Book623.19/GRA/19941039622014-09-033 3 Circulation sectionCentral Library, BUET
  2019-10-21 2025-04-22623_000000000000000_19GRA1994Central Library, BUET2014-09-03  General Book623.19/GRA/19941039632014-09-031 4 Circulation sectionCentral Library, BUET
 2023-12-112023-11-27 2023-11-27623_000000000000000_19GRA1994Central Library, BUET2014-09-03  General Book623.19/GRA/19941039642014-09-031 5 Circulation sectionCentral Library, BUET
    2016-01-26623_000000000000000_19GRA1994Central Library, BUET2014-09-03  General Book623.19/GRA/19941039652014-09-03  6 Circulation sectionCentral Library, BUET
  2021-02-13 2021-12-13623_000000000000000_19GRA1994Central Library, BUET2014-09-03 2General Book623.19/GRA/19941039662014-09-031 7 Circulation sectionCentral Library, BUET
 2023-02-062022-02-06 2022-02-06623_000000000000000_19GRA1994Central Library, BUET2014-09-03  General Book623.19/GRA/19941039672014-09-032 8 Circulation sectionCentral Library, BUET
 2025-05-172025-05-03 2025-05-03623_000000000000000_19GRA1994Central Library, BUET2014-09-03  General Book623.19/GRA/19941039682014-09-035 9 Circulation sectionCentral Library, BUET
    2015-06-21623_190000000000000_GRA_1994Central Library, BUET2015-06-21  Reading Item623.19/GRA/1994895292015-06-21  10 Reading sectionCentral Library, BUET
    2015-06-21623_190000000000000_GRA_1994Central Library, BUET2015-06-21  Reading Item623.19/GRA/1994911382015-06-21  11 Reading sectionCentral Library, BUET
    2015-07-02623_190000000000000_GRA_1994Central Library, BUET2015-07-02  Reading Item623.19/GRA/1994907772015-07-02  12 Reading sectionCentral Library, BUET